1135 1969 1299 1628 1326 1979 1830 1577 1553 1766 1175 1076 1863 1945 1581 1845 1496 1633 1254 1605 1773 1464 1929 1015 1868 1307 1969 1528 1116 1564 1031 1412 1220 1323 1305 1054 1511 1680 1559 1922 1476 1470 1613 1276 1471 1426 1248 1030 1884 1944 1281 1266 1517 1232 1642 1503 1383 1563 1972 1725 1679 1945 1991 1395 1329 1062 1336 1402 1275 1930 1789 1035 1405 1167 1437 1819 1043 1043 1739 1908 1778 1678 1299 1968 1715 1492 1328 1675 1125 1109 1734 1679 1693 1812 1161 1500 1689 1052 1258 BCNSPRNW ULIB Ver.6.0+V

เปลี่ยนเป็นภาษาไทย

Change to English
 แสดงรายละเอียดบรรณานุกรม
  กลับหน้าหลัก

Brief Record : Get Marc (ISO 2709) : E-mail record : QR code < ปิดหน้าต่าง
LEADER : 00000nam 2200000uu 4500
001    13399127981
003     ULIB
008    211124s2563||||th 000 0 tha d
020    ^a9786165683081
060  0 ^aWM105^bศ445ส
100    ^aศริญญา จริงมาก
245    ^aสุขภาพจิตและจิตเวช/^cศริญญา จริงมาก
260    ^aอุดรธานี :^bศักดิ์ศรีอักษรการพิมพ์,^c2563
300    ^a354 หน้า :^bภาพประกอบ
505  2 ^aแนวคิดของสุขภาพจิต--แนวคิดการเกิดโรค--ปรัชญาพื้นฐาน ทักษะการสื่อสารและหลักนิติจิตเวชศาสตร์--ความเข้าใจในพื้นฐานจิตใจ--พัฒนาการทางจิตและคุณภาพชีวิต--บุคลิกภาพ--อาการวิทยาและเกณฑ์จำแนกโรค--การวินิจฉัยและการบำบัดรักษา--ภาวะฉุกเฉินทางจิตเวช--สุขภาพจิตผู้สูงอายุ
650 04 ^aสุขภาพจิต
650  0 ^aMental health
650 04 ^aจิตเวชศาสตร์
650  0 ^aPsychiatry
945    ^p450^l0^i29150
945    ^p450^l0^i29151
999    ^aกัณชพร จุลอักษร
รายการนี้ยังไม่มีแท็ก
คุณยังไม่ได้ล็อกอิน คุณสามารถมีกิจกรรมร่วมกับเว็บไซต์ได้ แต่ต้องล็อกอินก่อน ::
  ล็อกอิน

รายการสื่อสารสนเทศ

ลำดับที่ ประเภท เลขเรียก/บาร์โค้ด สถานที่ สถานะ
1. หนังสือสำรอง
หนังสือสำรอง
WM105 ศ445ส ฉ.1 
  Barcode: 29150
ห้องสมุดวิทยาเขตนครสวรรค์
►หนังสือทั่วไป:l:General Books
บนชั้น
2. วิทยาศาสตร์การแพทย์ และสุขภาพ
วิทยาศาสตร์การแพทย์ และสุขภาพ
WM105 ศ445ส ฉ.2 
  Barcode: 29151
ห้องสมุดวิทยาเขตนครสวรรค์
►หนังสือทั่วไป:l:General Books
บนชั้น

รายการใกล้เคียง
    ผู้แต่ง [ศริญญา จริงมาก]

    หัวเรื่อง [สุขภาพจิต]
    หัวเรื่อง [Mental health]
    หัวเรื่อง [จิตเวชศาสตร์]
    หัวเรื่อง [Psychiatry]

BibComment


ยังไม่เคยถูกคอมเมนท์

คอมเมนท์ทรัพยากรรายการนี้
  คอมเมนท์: สุขภาพจิตและจิตเ..


 Copyright 2026. Bcnsprnw @Library